Brevarium theologicum
Guardat en:
| Autor principal: | |
|---|---|
| Format: | Llibre |
| Idioma: | llatí |
| Publicat: |
París
Apud Viduam Poussielgue
1863
|
| Edició: | 1a. ed |
| Matèries: | |
| Etiquetes: |
Afegir etiqueta
Sense etiquetes, Sigues el primer a etiquetar aquest registre!
|
MARC
| LEADER | 00000cam a2200000 a 4500 | ||
|---|---|---|---|
| 001 | UCD0751 | ||
| 003 | CL-VaPUC | ||
| 008 | 151210e18630000fr |||||||||||||||||lat|d | ||
| 082 | 0 | 4 | |a 230 |b POL |2 21 |
| 100 | 0 | |a Polmano Tubiziano, Joanne |e author |9 583768 | |
| 245 | 1 | 0 | |a Brevarium theologicum |
| 250 | |a 1a. ed | ||
| 300 | |a 581 p | ||
| 942 | |c BK | ||
| 945 | |d 20151210 22:58:00 |a gsalatino | ||
| 260 | |a París |b Apud Viduam Poussielgue |c 1863 | ||
| 650 | 0 | |a Teología |9 258766 | |
| 650 | 0 | |a Conceptos morales |9 310606 | |
| 583 | |a last modification |c 20151210 22:58:00 |k Rodrigo Vera | ||
| 999 | |c 362213 |d 362211 | ||
| 952 | |0 0 |1 0 |3 erd |4 0 |6 230_000000000000000_POL_1863 |7 0 |8 P |9 473189 |a BIBTEO |b BIBTES |c TEO_FTES |i 527348K |o 230 POL 1863 |p 527348K |r 2024-01-18 |w 2019-11-24 |y BK |z Catalogado en:20151210 |k ICR | ||